| 000 | 01444nam a2200337 i 4500 | ||
|---|---|---|---|
| 003 | EG-GICUC | ||
| 005 | 20260306143803.0 | ||
| 008 | 260306s1992 ua ||||| |||| 00| 0 ara d | ||
| 017 | _a1993/3640 | ||
| 020 | _a977-227-008-0 | ||
| 040 |
_a EG-GICUC _bara _c EG-GICUC _d EG-GICUC _erda |
||
| 041 | 0 | _aara | |
| 043 | _aua# | ||
| 082 | 0 | 4 |
_221 _a341.9047 _bن . د |
| 092 | 0 | 4 |
_221 _a341.9047 |
| 099 | _aLaw1 11 341.9047 ن . د 1992 | ||
| 111 |
_aندوة انهيار الاتحاد السوفيتى و تأثيراته على الوطن العربى _cالقاهرة _d1992 |
||
| 245 | 1 | 0 |
_aندوة انهيار الإتحاد السوفييتي وتأثيراته على الوطن العربي : _bالقاهرة 22-23 فبراير 1992 / _cتحرير طه عبد العليم. |
| 264 |
_aالقاهرة : _bمركز الأهرام للدرسات السياسية، _c1992 |
||
| 300 |
_a327 صفحة _c24 سم |
||
| 336 |
_2rda content _atext |
||
| 337 |
_2rda media _aComputer |
||
| 338 |
_2rda carrier _aOnline Resource |
||
| 504 | _a. 240-220 ببليوجرافيا: صفحات. | ||
| 650 | 1 |
_aالاتحاد السوفييتى _xعلاقات خارجية _zالدول العربية _2qrmak |
|
| 650 | 1 |
_aالدول العربية _xعلاقات خارجية _zالاتحاد السوفييتى |
|
| 651 | 1 | _2qrmak | |
| 856 | 4 | 0 | _uhttps://fll.law.cu.edu.eg/fulltext/bks/B11-04992.pdf |
| 905 | _a15 | ||
| 942 |
_2ddc _cBK _e21 _n0 |
||
| 999 |
_c65227 _d65227 |
||